Quel-est ce requin ? - Statistiques

Statistiques générales
  • Ce quiz a été pris 429 fois
  • Le résultat moyen est 9 sur 14
Statistiques - réponses
Par images Réponse % Correct
Grand requin Blanc
98%
Requin Marteau
97%
Requin Baleine
89%
Requin Tigre
82%
Mégalodon
69%
Requin Pèlerin
67%
Requin Citron
61%
Requin Bouledogue
59%
Requin Renard
55%
Requin Mako
53%
Requin Lutin
52%
Requin Taureau
52%
Requin à pointes noires
38%
Requin Taupe
12%
Aucun quiz correspondant
Distribution des résultats
% des personnes avec chaque résultat
Percentile par nombre de réponses
Votre historique - résultats
Vous n’avez pas pris ce quiz